000 00446nam a2200193Ia 4500
003 0100
008 130303s9999 xx 000 0 und d
040 _cARRUPELIB
050 _aBT83.57.M38 1989
100 _aMcGovern, Arthur F
245 _aLiberation theology and its critics
245 _bToward an assessment
260 _aNY
260 _bOrbis
260 _C1989
300 _a281p
650 _bMeaning (Philosophy)
942 0 0 _01
999 _c21278
_d21278